1227 1093 1773 1311 1821 1964 1811 1358 1446 1846 1670 1904 1015 1085 1947 1249 1554 1657 1752 1746 1421 1638 1293 1300 1598 1954 1384 1733 1682 1572 1169 1801 1163 1049 1427 1489 1505 1079 1123 1538 1525 1989 1350 1308 1539 1659 1702 1432 1918 1780 1276 1192 1395 1580 1652 1239 1611 1086 1949 1992 1275 1196 1111 1842 1109 1374 1891 1167 1839 1804 1867 1667 1270 1437 1148 1707 1079 1401 1532 1219 1865 1028 1159 1040 1944 1488 1887 1287 1909 1376 1153 1482 1988 1424 1125 1161 1237 1744 1386 BCNSPRNW ULIB Ver.6.0+V

เปลี่ยนเป็นภาษาไทย

Change to English
 แสดงรายละเอียดบรรณานุกรม
  กลับหน้าหลัก

Brief Record : Get Marc (ISO 2709) : E-mail record : QR code < ปิดหน้าต่าง
LEADER : 00000nam 2200000uu 4500
001    13399124206
003     ULIB
008    150127s||||||||th 000 0 tha d
020    ^a9786162844232
060  4 ^aWU600^bอ622ก
100 0  ^aอาทิพันธุ์ พิมพ์ขาวขำ.
245 10 ^aการผ่าตัดแก้ไขปากแหว่งข้างเดียวด้วยเทคนิคการใช้แผ่นเนื้อเยื่อสามเหลี่ยม /^cอาทิพันธุ์ พิมพ์ขาวขำ.
260    ^aกรุงเทพฯ :^bภาควิชาศัลยศาสตร์ คณะทันตแพทยศาสตร์ จุฬาลงกรณ์มหาวิทยาลัย,^c2555.
300    ^a160 หน้า :^bภาพประกอบ ;^c25 ซม.
650  7 ^aปากแหว่ง, ศัลยกรรม ^xในวัยทารกและเด็ก
650  7 ^aปากแหว่ง ^xในวัยทารกและเด็ก ^xการรักษา
710 1  ^aจุฬาลงกรณ์มหาวิทยาลัย.^bคณะทันตแพทยศาสตร์.^bภาควิชาศัลยศาสตร์.
945    ^p700^l0^i038992
945    ^p700^l0^i038993
945    ^p700^l0^i038994
999    ^aเกษร โพธิ์สุวรรณ
รายการนี้ยังไม่มีแท็ก
คุณยังไม่ได้ล็อกอิน คุณสามารถมีกิจกรรมร่วมกับเว็บไซต์ได้ แต่ต้องล็อกอินก่อน ::
  ล็อกอิน

รายการสื่อสารสนเทศ

ลำดับที่ ประเภท เลขเรียก/บาร์โค้ด สถานที่ สถานะ
1. วิทยาศาสตร์การแพทย์ และสุขภาพ
หนังสือสำรอง
สถานะ=หนังสือสำรอง
WU600 อ622ก ฉ.1 
  Barcode: 038992
ห้องสมุดวิทยาเขตสวรรค์ประชารักษ์
►ส่วนจัดเก็บหนังสือเก่า สปร
บนชั้น
  ขอยืม
2. วิทยาศาสตร์การแพทย์ และสุขภาพ
วิทยาศาสตร์การแพทย์ และสุขภาพ
WU600 อ622ก ฉ.2 
  Barcode: 038993
ห้องสมุดวิทยาเขตสวรรค์ประชารักษ์
►ส่วนจัดเก็บหนังสือเก่า สปร
บนชั้น
  ขอยืม
3. วิทยาศาสตร์การแพทย์ และสุขภาพ
วิทยาศาสตร์การแพทย์ และสุขภาพ
WU600 อ622ก ฉ.3 
  Barcode: 038994
ห้องสมุดวิทยาเขตสวรรค์ประชารักษ์
►ส่วนจัดเก็บหนังสือเก่า สปร
บนชั้น
  ขอยืม

รายการใกล้เคียง
    ผู้แต่ง [อาทิพันธุ์ พิมพ์ขาวขำ.]

BibComment


ยังไม่เคยถูกคอมเมนท์

คอมเมนท์ทรัพยากรรายการนี้
  คอมเมนท์: การผ่าตัดแก้ไขปา..


 Copyright 2026. Bcnsprnw @Library